|
|
|
|
| LEADER |
01134nam a2200265 a 4500 |
| 001 |
4646352 |
| 008 |
091012s1980 mdu b 000 0 eng d |
| 010 |
|
|
|a 79029692
|
| 020 |
|
|
|a 0839115741
|
| 040 |
|
|
|a DLC
|c DLC
|d DLC
|
| 082 |
0 |
0 |
|a 362.2/04256
|2 18
|
| 245 |
0 |
4 |
|a The Skills of diagnostic planning /
|c William A. Anthony ... [et al.].
|
| 260 |
|
|
|a Baltimore, Md. :
|b University Park Press,
|c c1980.
|
| 300 |
|
|
|a iv, 177 p. ;
|c 26 cm.
|
| 490 |
0 |
|
|a Psychiatric rehabilitation practice series ;
|v book 1
|
| 500 |
|
|
|a Edition for 1979 by W. A. Anthony, R. M. Pierce, and M. R. Cohen.
|
| 504 |
|
|
|a Includes Bibliography (p. 175-177).
|
| 541 |
1 |
|
|e 00004737
|
| 650 |
|
0 |
|a Mentally ill
|x Rehabilitation.
|
| 650 |
|
0 |
|a Personality assessment.
|
| 700 |
1 |
|
|a Anthony, William Alan,
|d 1942-
|
| 700 |
1 |
|
|a Anthony, William Alan,
|d 1942-
|t Skills of diagnositc planning.
|
| 852 |
4 |
|
|a Ayesha Abed Library
|j General shelf
|
| 999 |
|
|
|c 4652
|d 4652
|
| 952 |
|
|
|0 0
|1 0
|2 ddc
|4 0
|6 362_204256000000000_SKI_1980
|7 0
|9 4437
|a BRACUL
|b BRACUL
|c GEN
|d 2009-10-18
|g 0.00
|l 0
|o 362.204256 SKI
|p 3010004737
|r 2009-10-18
|t 1
|w 2009-10-18
|y BK
|x No price found in the accession register.
|